[Event "Dan Kragujevca 2009"]
[Site "Kragujevac"]
[Date "2009.04.12"]
[Round "4.1"]
[White "Zlatanovic, Boroljub"]
[Black "Tadic, Branko"]
[Result "0-1"]
[WhiteElo "2392"]
[BlackElo "2485"]
[PlyCount "116"]
[EventDate "2009.04.11"]

1. c4 c5 2. Nc3 Nc6 3. g3 g6 4. Bg2 Bg7 5. Nf3 e6 6. d3 Nge7 7. Bf4 e5 8. Bd2
d6 9. Qc1 h6 10. Rb1 Bg4 11. a3 a5 12. h3 Be6 13. O-O Qd7 14. Kh2 g5 15. Ne1 a4
16. b3 axb3 17. Rxb3 f5 18. Nc2 f4 19. Nd5 Ra7 20. Nb6 Qd8 21. e3 O-O 22. exf4
exf4 23. gxf4 gxf4 24. Be4 Be5 25. Rg1+ Kh8 26. f3 Qe8 27. Nd5 Bxh3 28. Nxf4
Bf5 29. Kh1 Na5 30. Rb1 Bxe4 31. fxe4 Rxf4 32. Bxf4 Qh5+ 33. Kg2 Qg4+ 34. Kf2
Qxf4+ 35. Qxf4 Bxf4 36. Rg4 Bg5 37. e5 dxe5 38. Rb5 Nac6 39. Rxc5 Kg7 40. Rb5
Nf5 41. Rg1 Kf6 42. Rgb1 Nfd4 43. Nxd4 Nxd4 44. Rxb7 Rxa3 45. c5 Rxd3 46. c6
Nxc6 47. R1b6 Rc3 48. Kg2 Rc2+ 49. Kh3 Ke6 50. Rc7 Kd6 51. Rc8 e4 52. Kg4 e3
53. Kf3 Kd7 54. Ra8 Rf2+ 55. Kg3 Bf4+ 56. Kg4 e2 57. Rb1 Ne5+ 58. Kf5 Bc1+ 0-1

[Event "Dan Kragujevca 2009"]
[Site "Kragujevac"]
[Date "2009.04.12"]
[Round "4.2"]
[White "Maksimovic, Branimir"]
[Black "Pavlovic, Dejan S"]
[Result "0-1"]
[WhiteElo "2418"]
[BlackElo "2400"]
[PlyCount "88"]
[EventDate "2009.04.11"]

1. d4 d5 2. c4 c6 3. e3 Nf6 4. Nf3 a6 5. Bd3 Bg4 6. O-O Nbd7 7. h3 Bh5 8. Nbd2
e6 9. Qc2 Bd6 10. b3 Qe7 11. Bb2 Ba3 12. c5 Bxb2 13. Qxb2 O-O 14. b4 Rfe8 15.
Ne5 Nxe5 16. dxe5 Nd7 17. f4 f6 18. Qc2 h6 19. g4 Bf7 20. Nf3 fxe5 21. fxe5 Rf8
22. Kg2 a5 23. a3 Kh8 24. Qc3 Bg8 25. Kg3 Bh7 26. Bxh7 Kxh7 27. Rf2 Rf7 28.
Raf1 Raf8 29. Qc2+ Kg8 30. h4 axb4 31. axb4 Qe8 32. Qc3 Qb8 33. Qd4 Qc7 34. h5
Qb8 35. Kg2 Qc7 36. Rh1 b6 37. Rh3 bxc5 38. bxc5 Nxe5 39. Rf1 Nc4 40. Nh2 e5
41. Qd3 e4 42. Qd4 Rxf1 43. Nxf1 Qf7 44. Qd1 Qf2+ 0-1

[Event "Dan Kragujevca 2009"]
[Site "Kragujevac"]
[Date "2009.04.12"]
[Round "4.3"]
[White "Lazic, Dragoljub"]
[Black "Tosic, Miroslav"]
[Result "1/2-1/2"]
[WhiteElo "2327"]
[BlackElo "2448"]
[PlyCount "22"]
[EventDate "2009.04.11"]

1. e4 c5 2. Nf3 d6 3. d4 cxd4 4. Nxd4 Nf6 5. Nc3 g6 6. Be3 Bg7 7. f3 Nc6 8. Qd2
O-O 9. Bc4 Bd7 10. O-O-O Rc8 11. Bb3 Na5 1/2-1/2

[Event "Dan Kragujevca 2009"]
[Site "Kragujevac"]
[Date "2009.04.12"]
[Round "4.4"]
[White "Kojovic, Dragan"]
[Black "Damjanovic, Dragan"]
[Result "0-1"]
[WhiteElo "2382"]
[BlackElo "2198"]
[PlyCount "110"]
[EventDate "2009.04.11"]

1. e4 c6 2. d4 d5 3. exd5 cxd5 4. Bd3 Nc6 5. c3 Nf6 6. Bf4 Bg4 7. Qb3 Qd7 8.
Nd2 e6 9. h3 Bh5 10. Ngf3 Bg6 11. Bb5 Bd6 12. Ne5 Qc7 13. Nxg6 hxg6 14. Bxd6
Qxd6 15. Nf3 O-O 16. O-O a6 17. Bd3 b5 18. Rfe1 Nd7 19. Qc2 b4 20. a3 Rfc8 21.
Re3 bxc3 22. Qxc3 e5 23. Nxe5 Ncxe5 24. dxe5 Rxc3 25. exd6 Rc6 26. b4 Rxd6 27.
Rc1 Nf8 28. Re7 Ne6 29. g3 g5 30. Rb7 g6 31. Kg2 Kg7 32. Rc3 Kf6 33. Be2 Nd8
34. Rf3+ Ke5 35. Re3+ Kf6 36. Rc7 d4 37. Rd3 Rb8 38. Rf3+ Ke5 39. Rc5+ Rd5 40.
Rxd5+ Kxd5 41. Bxa6 f5 42. Rb3 Nc6 43. Rb1 Ne5 44. a4 d3 45. a5 Kd4 46. b5 Nc4
47. b6 Nxa5 48. Rb5 d2 49. Rb1 Kc3 50. Be2 Nb3 51. Bd1 Rxb6 52. f4 gxf4 53.
gxf4 Rb5 54. h4 Nd4 55. Ra1 Nc2 0-1

[Event "Dan Kragujevca 2009"]
[Site "Kragujevac"]
[Date "2009.04.12"]
[Round "4.5"]
[White "Todorovic, Goran M"]
[Black "Stojanovic, Zlatko"]
[Result "1-0"]
[WhiteElo "2467"]
[BlackElo "2239"]
[PlyCount "133"]
[EventDate "2009.04.11"]

1. e4 e6 2. d4 d5 3. Nd2 Nf6 4. e5 Nfd7 5. c3 c5 6. f4 Nc6 7. Ngf3 Be7 8. Bd3
cxd4 9. Nxd4 Qb6 10. N2f3 Nc5 11. Bc2 Bd7 12. O-O g6 13. Rb1 Nxd4 14. Nxd4 a5
15. Be3 a4 16. Qf3 Qc7 17. Rbc1 Bc6 18. Bb1 Nd7 19. c4 Nb6 20. b3 axb3 21. axb3
dxc4 22. Nxc6 bxc6 23. bxc4 O-O 24. Qf2 c5 25. h4 Ra4 26. Bc2 Rxc4 27. h5 Kg7
28. Qg3 Rxc2 29. Rxc2 Nd5 30. Rfc1 Nxe3 31. Qxe3 Rd8 32. Kh2 Qd7 33. Rc3 Rb8
34. Rd3 Qc6 35. Rc2 Rb1 36. Rcd2 c4 37. h6+ Kf8 38. Rd8+ Bxd8 39. Rxd8+ Ke7 40.
Rd6 Qc7 41. Qa3 Rb3 42. Qa4 Rb8 43. Rc6 Qd8 44. Qxc4 Kf8 45. Kh3 Kg8 46. Qc5
Rb3+ 47. g3 Rb8 48. Qd6 Qe8 49. Qc5 Rd8 50. Rc7 Ra8 51. Qe7 Qxe7 52. Rxe7 Kf8
53. Rb7 g5 54. fxg5 Ra5 55. Rb8+ Ke7 56. Rh8 Rxe5 57. Kh4 Re4+ 58. Kh5 Re1 59.
Rxh7 Kf8 60. Rh8+ Ke7 61. Kg4 Rh1 62. g6 fxg6 63. Kg5 Kf7 64. Rh7+ Kg8 65. Rg7+
Kh8 66. g4 Rc1 67. Kxg6 1-0

[Event "Dan Kragujevca 2009"]
[Site "Kragujevac"]
[Date "2009.04.12"]
[Round "4.6"]
[White "Sorgic, Dragan"]
[Black "Ostojic, Nikola"]
[Result "1/2-1/2"]
[WhiteElo "2282"]
[BlackElo "2391"]
[PlyCount "134"]
[EventDate "2009.04.11"]

1. Nf3 d5 2. g3 Nc6 3. Bg2 e5 4. d3 f6 5. c3 Be6 6. Nbd2 Qd7 7. b4 Bh3 8. Bxh3
Qxh3 9. Qa4 Qd7 10. Rb1 Nge7 11. b5 Nd8 12. Qc2 Ne6 13. a4 g5 14. h3 O-O-O 15.
c4 Nf5 16. cxd5 Qxd5 17. Qc4 Qxc4 18. Nxc4 h5 19. Nfd2 Be7 20. Ne4 Nc5 21. Nxc5
Bxc5 22. Bb2 Kd7 23. e3 Kc8 24. Ke2 Rd7 25. Rbc1 b6 26. Rhd1 Bb4 27. Nd2 Bxd2
28. Rxd2 Ne7 29. Ba3 Rhd8 30. Rc3 e4 31. Bxe7 Rxe7 32. d4 Rd6 33. Rdc2 Red7 34.
g4 hxg4 35. hxg4 Rh7 36. Rc1 Kd8 37. Rc6 Rxc6 38. Rxc6 Rh6 39. Kd2 Kd7 40. d5
Rh4 41. Rxf6 Rxg4 42. Kc3 Rg1 43. Kd4 Ra1 44. Kxe4 Rxa4+ 45. Ke5 Ra5 46. Rf7+
Kc8 47. Rg7 Rxb5 48. Rxg5 a5 49. Rg1 a4 50. Ra1 Ra5 51. f4 Kd7 52. f5 a3 53.
Ra2 b5 54. Kd4 Kd6 55. f6 Ra4+ 56. Kc3 Kxd5 57. f7 Ra8 58. Kb4 Rb8 59. Rf2 a2
60. Rxa2 c5+ 61. Kb3 Rf8 62. Ra7 b4 63. Re7 Kd6 64. Ra7 Ke6 65. Rc7 Kd6 66. Ra7
Ke6 67. Rc7 Kd6 1/2-1/2

[Event "Dan Kragujevca 2009"]
[Site "Kragujevac"]
[Date "2009.04.12"]
[Round "4.7"]
[White "Jevtic, Miroljub"]
[Black "Milenkovic, Mladen"]
[Result "1-0"]
[WhiteElo "2173"]
[BlackElo "2342"]
[PlyCount "118"]
[EventDate "2009.04.11"]

1. d4 Nf6 2. c4 e6 3. Nc3 Bb4 4. Qc2 c5 5. e3 b6 6. Be2 Nc6 7. Nf3 Bb7 8. O-O
cxd4 9. exd4 O-O 10. a3 Bxc3 11. Qxc3 Rc8 12. b4 Ne7 13. Qb3 Be4 14. Bg5 Nf5
15. Rfd1 h6 16. Bf4 g5 17. Be3 Qc7 18. Nd2 Bb7 19. Rac1 Kg7 20. Bf3 d6 21. Qd3
Rfe8 22. Bxb7 Qxb7 23. f3 b5 24. c5 dxc5 25. Rxc5 Rxc5 26. dxc5 Nxe3 27. Qxe3
Qd5 28. Rc1 Rd8 29. Ne4 Nxe4 30. fxe4 Qe5 31. Qc3 Qxc3 32. Rxc3 Kf6 33. Kf2 Ke5
34. Ke3 f5 35. exf5 exf5 36. g3 a6 37. Rd3 f4+ 38. gxf4+ gxf4+ 39. Ke2 Rg8 40.
Kf3 Rg1 41. Rc3 Rf1+ 42. Kg2 Rd1 43. c6 Rd8 44. c7 Rc8 45. Kf3 Kd6 46. Kxf4 Kd7
47. h4 Rf8+ 48. Kg4 Kc8 49. Rc6 a5 50. bxa5 h5+ 51. Kxh5 Rf3 52. Rc5 Rxa3 53.
Rxb5 Kxc7 54. Kg6 Rd3 55. Rf5 Rg3+ 56. Rg5 Rd3 57. h5 Rd6+ 58. Kh7 Kb7 59. h6
Rd1 1-0

[Event "Dan Kragujevca 2009"]
[Site "Kragujevac"]
[Date "2009.04.12"]
[Round "4.8"]
[White "Radovanovic, Dusan"]
[Black "Milosevic, Rade"]
[Result "1-0"]
[WhiteElo "2308"]
[BlackElo "2111"]
[PlyCount "75"]
[EventDate "2009.04.11"]

1. d4 c5 2. d5 e5 3. e4 d6 4. Nc3 a6 5. a4 Be7 6. Nf3 Bg4 7. b3 Bxf3 8. Qxf3
Bg5 9. Bb2 h5 10. g3 h4 11. Bh3 Nh6 12. O-O O-O 13. a5 g6 14. Qe2 hxg3 15. hxg3
Nd7 16. Na4 Rb8 17. Bc3 Re8 18. Kg2 Kg7 19. Nb2 Qc7 20. Nc4 Re7 21. Rad1 Bf6
22. Qe3 b5 23. axb6 Nxb6 24. Qd3 Nxc4 25. Qxc4 Ra8 26. Ra1 Qb6 27. Ra4 Rea7 28.
Rfa1 a5 29. Kg1 Bd8 30. f4 f6 31. Be6 Bc7 32. Kg2 Rf8 33. Bxa5 Qb8 34. Bd2 Rxa4
35. Qxa4 Qe8 36. Qxe8 Rxe8 37. fxe5 fxe5 38. Ra7 1-0

[Event "Dan Kragujevca 2009"]
[Site "Kragujevac"]
[Date "2009.04.12"]
[Round "4.9"]
[White "Misailovic, Nebojsa"]
[Black "Mladenovic, Stefan"]
[Result "1/2-1/2"]
[WhiteElo "2293"]
[BlackElo "1955"]
[PlyCount "75"]
[EventDate "2009.04.11"]

1. e4 c5 2. Nc3 Nc6 3. g3 g6 4. Bg2 Bg7 5. d3 d6 6. Be3 Nf6 7. h3 Rb8 8. Qd2 b5
9. Bh6 O-O 10. Bxg7 Kxg7 11. f4 Nd7 12. Nf3 b4 13. Nd1 Nd4 14. Nh4 e6 15. c3
bxc3 16. bxc3 Nb5 17. O-O f5 18. a4 Nc7 19. Ne3 Ba6 20. Rf2 Qf6 21. Rd1 Rb3 22.
Nc4 Qxc3 23. Qxc3+ Rxc3 24. Nxd6 Nf6 25. exf5 exf5 26. Re2 Ncd5 27. Nb5 Bxb5
28. axb5 Nc7 29. Bc6 Rb3 30. Nf3 Nxb5 31. Ng5 Nd4 32. Re7+ Kg8 33. Bg2 h6 34.
Ne6 Nxe6 35. Rxe6 Rb6 36. Re5 Rd8 37. Rxc5 Rbd6 38. Rc6 1/2-1/2

[Event "Dan Kragujevca 2009"]
[Site "Kragujevac"]
[Date "2009.04.12"]
[Round "4.10"]
[White "Milosevic, Slavisa"]
[Black "Nikolic, Vladimir"]
[Result "1-0"]
[WhiteElo "2287"]
[BlackElo "1933"]
[PlyCount "61"]
[EventDate "2009.04.11"]

1. e4 e5 2. Nf3 Nc6 3. c3 Qf6 4. d4 h6 5. Be3 Nge7 6. Nbd2 Ng6 7. h4 d6 8. h5
Nge7 9. Qb3 a6 10. Qc4 b5 11. Qd3 g5 12. d5 g4 13. Nh4 Nd8 14. a4 bxa4 15. Rxa4
Bg7 16. b4 O-O 17. b5 a5 18. Qc4 Bb7 19. Be2 Kh8 20. Bxg4 Rg8 21. Nb3 Bf8 22.
Be2 Qg7 23. g4 Qf6 24. Rxa5 Rxa5 25. Nxa5 Ba8 26. f3 Nb7 27. Nxb7 Bxb7 28. Ng2
Bg7 29. Qxc7 Ra8 30. O-O Ra2 31. Bc4 1-0

[Event "Dan Kragujevca 2009"]
[Site "Kragujevac"]
[Date "2009.04.12"]
[Round "4.11"]
[White "Rihterovic, Milan"]
[Black "Boskovic, Maksimilijan"]
[Result "1-0"]
[WhiteElo "2284"]
[BlackElo "1914"]
[PlyCount "67"]
[EventDate "2009.04.11"]

1. Nf3 Nf6 2. c4 c6 3. b3 d5 4. Bb2 e6 5. g3 g6 6. Bg2 Bg7 7. O-O O-O 8. d3
Nbd7 9. Nbd2 Re8 10. Rc1 b6 11. Rc2 Bb7 12. Qa1 c5 13. Ne5 Nxe5 14. Bxe5 Nh5
15. Bxg7 Nxg7 16. d4 Qe7 17. dxc5 bxc5 18. e3 Rac8 19. Rfc1 Red8 20. cxd5 exd5
21. Qb2 Ne6 22. Qe5 d4 23. Bxb7 Qxb7 24. Ne4 Qc7 25. Qxc7 Rxc7 26. exd4 Nxd4
27. Rxc5 Re7 28. Rc8 Ne2+ 29. Kg2 Nxc1 30. Rxd8+ Kg7 31. Nc3 Rc7 32. Nb5 Rb7
33. Nd6 Rc7 34. Ne8+ 1-0

[Event "Dan Kragujevca 2009"]
[Site "Kragujevac"]
[Date "2009.04.12"]
[Round "4.12"]
[White "Radovanovic, Nikola"]
[Black "Djosic, Slavoljub"]
[Result "0-1"]
[WhiteElo "2161"]
[BlackElo "2261"]
[PlyCount "26"]
[EventDate "2009.04.11"]

1. e4 e5 2. Nf3 Nc6 3. d4 exd4 4. Nxd4 Qh4 5. Nb5 Qxe4+ 6. Be2 Kd8 7. O-O Nf6
8. N1c3 Qb4 9. Bg5 Be7 10. Nxc7 Rb8 11. N7d5 Qxb2 12. Bc1 Qxa1 13. Nxe7 Qxc3
0-1

[Event "Dan Kragujevca 2009"]
[Site "Kragujevac"]
[Date "2009.04.12"]
[Round "4.13"]
[White "Garic, Radomir"]
[Black "Ilic, Slobodan R"]
[Result "1/2-1/2"]
[WhiteElo "2255"]
[BlackElo "2104"]
[PlyCount "100"]
[EventDate "2009.04.11"]

1. e4 e5 2. Nf3 Nc6 3. Nc3 Nf6 4. Bb5 d6 5. d4 exd4 6. Nxd4 Bd7 7. Bxc6 bxc6 8.
Qf3 c5 9. Nf5 Rb8 10. O-O Bxf5 11. exf5 Be7 12. b3 O-O 13. Bb2 d5 14. Rad1 c6
15. Rfe1 Qc7 16. Na4 c4 17. Be5 Bd6 18. Bxf6 gxf6 19. Qh5 cxb3 20. axb3 Rfe8
21. Nb2 Be5 22. Nd3 Bc3 23. Re2 Kh8 24. g3 Rg8 25. Qf3 Rbe8 26. Nf4 Rxe2 27.
Nxe2 Be5 28. c4 dxc4 29. bxc4 Rd8 30. Rb1 a5 31. Qa3 Kg7 32. Rb3 Rd2 33. Re3 c5
34. Re4 Qc6 35. Qf3 Kf8 36. Kg2 a4 37. Qe3 a3 38. f3 a2 39. Qxd2 a1=Q 40. Qh6+
Ke7 41. Nf4 Qa2+ 42. Kh3 Qxe4 43. fxe4 Bxf4 44. Qxf4 Qxc4 45. Kh4 Qc2 46. h3 c4
47. Kh5 c3 48. Qc7+ Ke8 49. Qc8+ Ke7 50. Qc5+ Ke8 1/2-1/2

[Event "Dan Kragujevca 2009"]
[Site "Kragujevac"]
[Date "2009.04.12"]
[Round "4.14"]
[White "Kostic, Ninoslav"]
[Black "Jovanovic, Bojan P"]
[Result "1/2-1/2"]
[WhiteElo "2228"]
[BlackElo "2010"]
[PlyCount "79"]
[EventDate "2009.04.11"]

1. d4 Nf6 2. c3 g6 3. Bg5 Bg7 4. Nd2 O-O 5. e4 d6 6. f4 c5 7. d5 Qc7 8. Ngf3 e6
9. Bxf6 Bxf6 10. Bc4 Bd7 11. a4 exd5 12. Bxd5 Nc6 13. O-O Rad8 14. Nc4 Be6 15.
Kh1 Ne7 16. Ne3 Qb6 17. Qd2 Bxd5 18. exd5 Rfe8 19. Nc4 Qa6 20. b3 b6 21. Rab1
Qb7 22. Ne3 Qd7 23. c4 Nf5 24. Nxf5 Qxf5 25. Rbe1 Bg7 26. g3 Qf6 27. Rxe8+ Rxe8
28. Re1 Rxe1+ 29. Qxe1 Qd8 30. Kg2 h6 31. Qe2 Kf8 32. Qd3 Qf6 33. Qc2 Qe7 34.
Kf2 Qd7 35. Kg2 Qe7 36. h4 Qe3 37. Qd1 a5 38. Qc2 Bd4 39. Qd2 Qe4 40. Qd1
1/2-1/2

[Event "Dan Kragujevca 2009"]
[Site "Kragujevac"]
[Date "2009.04.12"]
[Round "4.15"]
[White "Ilic, Slobodan S"]
[Black "Antic, Nenad"]
[Result "1-0"]
[WhiteElo "2212"]
[BlackElo "1390"]
[PlyCount "51"]
[EventDate "2009.04.11"]

1. e4 e5 2. Nf3 Nc6 3. Bb5 a6 4. Ba4 Nf6 5. O-O Be7 6. Re1 b5 7. Bb3 d6 8. a4
b4 9. h3 O-O 10. d3 Na5 11. Ba2 c6 12. Nbd2 Be6 13. Bxe6 fxe6 14. c3 Qb6 15.
Qe2 Nh5 16. Nf1 Nf4 17. Bxf4 exf4 18. d4 Rfb8 19. c4 Kh8 20. Rad1 Rd8 21. N1h2
Rac8 22. c5 dxc5 23. d5 Rd6 24. Ne5 Kg8 25. dxe6 Rxe6 26. Qg4 1-0

[Event "Dan Kragujevca 2009"]
[Site "Kragujevac"]
[Date "2009.04.12"]
[Round "4.4"]
[White "Radovic, Janko"]
[Black "Tasic, Zoran T"]
[Result "1/2-1/2"]
[WhiteElo "1390"]
[BlackElo "2198"]
[PlyCount "176"]
[EventDate "2009.04.11"]

1. e4 e6 2. d4 d5 3. exd5 exd5 4. Bd3 c5 5. c3 Bd6 6. Nf3 Ne7 7. O-O c4 8. Bc2
Nbc6 9. Re1 Bg4 10. Bg5 f6 11. Bh4 O-O 12. h3 Bf5 13. Nbd2 Qd7 14. Nf1 Bxc2 15.
Qxc2 Nf5 16. Ne3 Nce7 17. Nf1 g5 18. Bg3 Nxg3 19. Nxg3 Bxg3 20. fxg3 Nf5 21. g4
Ng3 22. Re3 Rae8 23. Rae1 Ne4 24. Qe2 Nd6 25. Qf2 Rxe3 26. Rxe3 Ne4 27. Qe1 Re8
28. Nd2 Nd6 29. Rxe8+ Qxe8 30. Qxe8+ Nxe8 31. Nf1 Kf7 32. Ne3 Ke6 33. Nf5 h5
34. Kf2 hxg4 35. hxg4 b5 36. Ke3 Nc7 37. Ng7+ Kd7 38. g3 Kc6 39. Nf5 b4 40. Kd2
a5 41. Kc2 Nb5 42. Kd2 Na7 43. Ng7 Kd7 44. Nf5 Nc8 45. Ne3 Ke6 46. Nf5 Nb6 47.
Kc2 Na4 48. Ng7+ Ke7 49. Nf5+ Kd7 50. Ne3 Kc6 51. Nf5 Nb6 52. Ne7+ Kd7 53. Nf5
Nc8 54. Kd2 Kc6 55. Kc2 Kb5 56. Ne3 Nb6 57. Nf5 Ka4 58. Kd2 Na8 59. Nd6 Nc7 60.
Nc8 Kb5 61. Nd6+ Kc6 62. Nf5 a4 63. cxb4 Nb5 64. Kc2 Kd7 65. Kd2 Nc7 66. Kc3
Kc6 67. Ne7+ Kb5 68. Ng8 Kc6 69. Ne7+ Kb6 70. Nf5 Kb5 71. Nd6+ Kc6 72. Nf5 Nb5+
73. Kc2 Kd7 74. Kd2 Nc7 75. Kc3 Kc6 76. Ne7+ Kb5 77. Nf5 Ne8 78. Ne7 Nd6 79.
Nxd5 Ne4+ 80. Kc2 Nxg3 81. Nxf6 Kxb4 82. Kd2 Kb5 83. d5 Kc5 84. Ke3 Nf1+ 85.
Ke2 Ng3+ 86. Ke3 Nf1+ 87. Ke2 Ng3+ 88. Ke3 Nf1+ 1/2-1/2

[Event "Dan Kragujevca 2009"]
[Site "Kragujevac"]
[Date "2009.04.12"]
[Round "4.17"]
[White "Peric, Slavisa"]
[Black "Ostojic, Slobodan"]
[Result "1-0"]
[WhiteElo "2277"]
[BlackElo "1943"]
[PlyCount "57"]
[EventDate "2009.04.11"]

1. d4 Nf6 2. Nf3 g6 3. Nc3 Bg7 4. e4 d6 5. Be2 Nbd7 6. e5 dxe5 7. dxe5 Ng4 8.
e6 Nde5 9. Qxd8+ Kxd8 10. Nxe5 Nxe5 11. exf7 Nxf7 12. Bd2 c6 13. O-O-O Kc7 14.
Rhe1 Re8 15. Bc4 Nd6 16. Be6 Bxe6 17. Rxe6 Rad8 18. Rde1 Bf6 19. Bf4 Bxc3 20.
bxc3 Kd7 21. Bg5 Nc8 22. c4 b6 23. Kb2 c5 24. Kc3 a6 25. a4 Kc7 26. a5 Rd7 27.
axb6+ Nxb6 28. Bf4+ Kb7 29. Rb1 1-0

[Event "Dan Kragujevca 2009"]
[Site "Kragujevac"]
[Date "2009.04.12"]
[Round "4.18"]
[White "Zivkovic, Momcilo"]
[Black "Radovic, Luka"]
[Result "1-0"]
[WhiteElo "2176"]
[BlackElo "1390"]
[PlyCount "139"]
[EventDate "2009.04.11"]

1. e4 Nf6 2. e5 Nd5 3. d4 d6 4. f4 dxe5 5. fxe5 Nc6 6. Nf3 Bg4 7. Be2 e6 8. c3
Be7 9. O-O O-O 10. Qe1 f6 11. Qg3 f5 12. Bd3 Bh5 13. Ng5 Bxg5 14. Bxg5 Qe8 15.
Bd2 Qg6 16. Qf2 Bg4 17. Kh1 Qf7 18. Na3 Nce7 19. Nc2 c5 20. dxc5 Rad8 21. Nd4
Nc6 22. Rae1 Ndb4 23. Bb1 Rd5 24. a3 Nxd4 25. cxd4 Nc6 26. Bc3 Rfd8 27. Ba2
R5d7 28. d5 Rxd5 29. Bxd5 Rxd5 30. h3 Qh5 31. Kg1 Bxh3 32. Re2 Qg4 33. Rd2 Ne7
34. Rxd5 Nxd5 35. Qf3 Qxf3 36. Rxf3 Bg4 37. Rf2 Kf7 38. Bd4 Ke8 39. b4 Kd7 40.
b5 a6 41. a4 Kc7 42. Rd2 g6 43. Kf2 Kc8 44. Ke1 Bh5 45. Rc2 Nb4 46. Rc4 Nd5 47.
c6 axb5 48. axb5 Nf4 49. c7 Be2 50. Rc5 b6 51. Rc2 Bxb5 52. Bxb6 Nd5 53. Ba5
Ba6 54. Rc6 Bb7 55. Rxe6 Nxc7 56. Re7 Nd5 57. Rxh7 Nf4 58. Kd2 Bd5 59. g3 Ne6
60. Ke2 g5 61. Kf2 f4 62. Bd2 Nc5 63. gxf4 Ne4+ 64. Ke1 Nxd2 65. Kxd2 gxf4 66.
Kd3 f3 67. Kd4 Be6 68. Kc5 Kd8 69. Kd6 Bd7 70. Rxd7+ 1-0

[Event "Dan Kragujevca 2009"]
[Site "Kragujevac"]
[Date "2009.04.12"]
[Round "4.19"]
[White "Antic, Dragan"]
[Black "Gutic, Slobodan"]
[Result "1-0"]
[WhiteElo "2165"]
[BlackElo "1380"]
[PlyCount "71"]
[EventDate "2009.04.11"]

1. d4 d5 2. c4 dxc4 3. Nf3 e6 4. Qa4+ Bd7 5. Qxc4 h6 6. Nc3 Nf6 7. e4 Nc6 8.
Be2 Bb4 9. e5 Nd5 10. O-O Nxc3 11. bxc3 Be7 12. Rb1 O-O 13. Qd3 f5 14. exf6
Bxf6 15. Rxb7 Ne7 16. Qe4 Bc8 17. Rb5 Bd7 18. Rc5 c6 19. Bd3 Kf7 20. Ba3 Rh8
21. Re1 Nd5 22. c4 Ne7 23. Ne5+ Bxe5 24. Rxe5 Qc8 25. Re3 g6 26. Rf3+ Nf5 27.
g4 Rg8 28. d5 cxd5 29. cxd5 Ke8 30. Rfxf5 gxf5 31. Qxf5 Kd8 32. dxe6 Bc6 33.
Bd6 Qb7 34. e7+ Ke8 35. Bc4 Be4 36. Bf7# 1-0

[Event "Dan Kragujevca 2009"]
[Site "Kragujevac"]
[Date "2009.04.12"]
[Round "4.20"]
[White "Filipovic, Zivadin"]
[Black "Milosavljevic, Mileta"]
[Result "1-0"]
[WhiteElo "2149"]
[BlackElo "1380"]
[PlyCount "71"]
[EventDate "2009.04.11"]

1. e4 e5 2. Nf3 Nc6 3. Bb5 Nd4 4. Nxd4 exd4 5. O-O c6 6. Bc4 b5 7. Bb3 a5 8. a4
b4 9. Re1 Bb7 10. d3 Be7 11. Qf3 Nf6 12. e5 Nd5 13. Qg3 O-O 14. Bh6 g6 15. Bxf8
Bxf8 16. Bxd5 cxd5 17. Nd2 Rc8 18. Rac1 Bh6 19. f4 Bc6 20. b3 d6 21. Nf3 Qc7
22. e6 Re8 23. exf7+ Qxf7 24. Rxe8+ Qxe8 25. Re1 Qf7 26. Ng5 Qf5 27. Re7 Bxg5
28. Qxg5 Bd7 29. Qxf5 Bxf5 30. Ra7 Bg4 31. Rxa5 Bd1 32. Rb5 Bxc2 33. Rxb4 Bxd3
34. Rxd4 Be4 35. Rxe4 dxe4 36. a5 1-0

[Event "Dan Kragujevca 2009"]
[Site "Kragujevac"]
[Date "2009.04.12"]
[Round "4.21"]
[White "Nicosia, Federico"]
[Black "Dodic, Dragan"]
[Result "1/2-1/2"]
[WhiteElo "1380"]
[BlackElo "2143"]
[PlyCount "67"]
[EventDate "2009.04.11"]

1. e4 c6 2. d4 d5 3. Nc3 dxe4 4. Nxe4 Nd7 5. Nf3 Ndf6 6. Neg5 h6 7. Nxf7 Kxf7
8. Ne5+ Ke8 9. Bd3 Qd5 10. Bg6+ Kd8 11. Nf7+ Kc7 12. Bf4+ Kb6 13. Qd3 Bg4 14.
c4 Qe6+ 15. Be5 a6 16. Nxh8 Ka7 17. O-O Qd7 18. b4 e6 19. b5 cxb5 20. cxb5 Qxb5
21. Qxb5 axb5 22. Nf7 Be2 23. Rfc1 Ne7 24. Bc2 Nc6 25. Nd6 Rd8 26. Re1 Bxd6 27.
Rxe2 Bxe5 28. dxe5 Nd5 29. Bb3 Nd4 30. Ree1 Nc3 31. f3 Kb6 32. Kf2 Kc5 33. Rac1
b4 34. Red1 1/2-1/2

[Event "Dan Kragujevca 2009"]
[Site "Kragujevac"]
[Date "2009.04.12"]
[Round "4.22"]
[White "Trpkovic, Miroljub"]
[Black "Kostic, Marko"]
[Result "1-0"]
[WhiteElo "2034"]
[BlackElo "1370"]
[PlyCount "97"]
[EventDate "2009.04.11"]

1. e4 c6 2. d4 d5 3. e5 Bf5 4. Nf3 e6 5. Bd3 Bxd3 6. Qxd3 Qb6 7. O-O c5 8. dxc5
Bxc5 9. Nc3 Nc6 10. Na4 Qa5 11. Nxc5 Qxc5 12. Be3 Qe7 13. Qb5 a6 14. Qb6 Qd7
15. Rad1 Nge7 16. c4 O-O 17. Bc5 Rac8 18. Ba3 Rfd8 19. Qe3 b5 20. cxb5 axb5 21.
b3 Ng6 22. Bb2 Ra8 23. a3 h6 24. h4 Qe7 25. h5 Nh4 26. Rfe1 Nxf3+ 27. Qxf3 Qg5
28. Qe2 Ne7 29. g3 Nf5 30. Bc1 Qe7 31. Qxb5 g6 32. Qe2 g5 33. Qg4 Ng7 34. f4
Qc5+ 35. Kh1 Qf2 36. Rf1 Qc2 37. fxg5 hxg5 38. Bxg5 Rdb8 39. h6 Nf5 40. Bf6+
Kh7 41. Rxf5 Rg8 42. Rg5 Rxg5 43. Bxg5 Rg8 44. Rf1 Qg6 45. Rf6 Qxg5 46. Rxf7+
Kxh6 47. Qh3+ Qh5 48. Rh7+ Kxh7 49. Qxh5+ 1-0

[Event "Dan Kragujevca 2009"]
[Site "Kragujevac"]
[Date "2009.04.12"]
[Round "4.23"]
[White "Huynh, Arthur"]
[Black "Radovic, Milos"]
[Result "1-0"]
[WhiteElo "1978"]
[BlackElo "1370"]
[PlyCount "95"]
[EventDate "2009.04.11"]

1. d4 Nf6 2. c4 g6 3. Nc3 Bg7 4. e4 d6 5. Nf3 O-O 6. Be2 e5 7. O-O Nc6 8. d5
Ne7 9. Ne1 Nd7 10. Be3 f5 11. f3 f4 12. Bf2 a6 13. Nd3 Nf6 14. c5 g5 15. cxd6
cxd6 16. Na4 h5 17. Nb6 Rb8 18. Rc1 Rf7 19. Qb3 Ng6 20. Nxc8 Rxc8 21. Bb6 Qf8
22. Rxc8 Qxc8 23. Rc1 Qf8 24. Qc4 g4 25. Qc8 Qxc8 26. Rxc8+ Kh7 27. Nc1 gxf3
28. gxf3 Nf8 29. Nb3 Kg6 30. Rb8 N8d7 31. Rxb7 Nxb6 32. Rxb6 Rc7 33. Bd3 a5 34.
a4 Bf8 35. Rc6 Ra7 36. Bb5 Nd7 37. Rc8 Be7 38. Bxd7 Rxd7 39. Nxa5 Bd8 40. Nc6
Bb6+ 41. Kf1 Kg5 42. a5 Be3 43. Rg8+ Kh4 44. Kg2 Rb7 45. b4 Bd2 46. a6 Rb6 47.
a7 Rxb4 48. a8=Q 1-0

[Event "Dan Kragujevca 2009"]
[Site "Kragujevac"]
[Date "2009.04.12"]
[Round "4.24"]
[White "Stojanovic, Vladimir M"]
[Black "Petrovic, Tamara"]
[Result "1-0"]
[WhiteElo "1951"]
[BlackElo "1360"]
[PlyCount "39"]
[EventDate "2009.04.11"]

1. d4 Nf6 2. Nf3 d6 3. c4 e6 4. Nc3 Be7 5. e4 O-O 6. Bd3 Bd7 7. e5 dxe5 8. dxe5
Ne8 9. Qc2 h6 10. O-O Nc6 11. a3 a5 12. Re1 b6 13. Bd2 Bc8 14. Rad1 Ba6 15. Be4
Bb7 16. Bxh6 Qc8 17. Bg5 Bxg5 18. Nxg5 Kh8 19. Bxc6 Bxc6 20. Qh7# 1-0

[Event "Dan Kragujevca 2009"]
[Site "Kragujevac"]
[Date "2009.04.12"]
[Round "4.25"]
[White "Mickovic, Slavisa"]
[Black "Gagic, Miroljub"]
[Result "0-1"]
[WhiteElo "2117"]
[BlackElo "1888"]
[PlyCount "90"]
[EventDate "2009.04.11"]

1. d4 d5 2. c4 c6 3. Nc3 Nf6 4. cxd5 cxd5 5. Nf3 Nc6 6. Qb3 a6 7. Bf4 Na5 8.
Qc2 Nc6 9. e3 Bg4 10. Ne5 Bh5 11. Nxc6 bxc6 12. Qa4 Qb6 13. Bd3 Bg6 14. Bxg6
hxg6 15. O-O e6 16. Rab1 Be7 17. Rfc1 O-O 18. h3 Rfc8 19. Qc2 Nd7 20. b4 a5 21.
bxa5 Qxa5 22. Rb7 Ra7 23. Rcb1 Bf6 24. R1b4 Rxb7 25. Rxb7 e5 26. dxe5 Nxe5 27.
a4 Nc4 28. Ne4 Qd8 29. Nxf6+ Qxf6 30. Kh2 g5 31. Bg3 Qe6 32. Qc3 c5 33. Ra7 f6
34. Qd3 f5 35. a5 Ne5 36. Qb5 c4 37. Qb7 Nf7 38. Ra6 Qe8 39. Rb6 c3 40. Rb1 d4
41. Qb5 Qxb5 42. Rxb5 d3 43. a6 c2 44. a7 c1=Q 45. Rb8 Qc6 0-1